| 000 | 00499nam a22001697a 4500 | ||
|---|---|---|---|
| 003 | SGT | ||
| 020 | _a9788121902984 | ||
| 082 | _a330.954 | ||
| 100 | _aDATT,GAURAV | ||
| 245 | _aINDIAN ECONOMY | ||
| 250 | _a68TH | ||
| 260 |
_aNEW DELHI _bS.CHAND _c2013 |
||
| 300 | _a1036 | ||
| 650 | _aECONOMICS | ||
| 653 | _aSTRUCTURE OF THE INDIAN ECONOMY,PLANNING AND ECONOMIC DEVELOPMENT,AGRICULTURE IN THE NATIONAL ECONOMY,INDIAN INDUSTRIES,THE TERTIARY SECTOR IN THE INDIAN ECONOMY | ||
| 942 |
_2ddc _cFCM _01 |
||
| 999 |
_c8963 _d8963 |
||